Workshop processes, practices and materials / (Record no. 2271)
[ view plain ]
| 000 -LEADER | |
|---|---|
| fixed length control field | 00468cam a2200181ua 4500 |
| 020 ## - INTERNATIONAL STANDARD BOOK NUMBER | |
| ISBN | 0 7131 3543 3 |
| 041 ## - LANGUAGE CODE | |
| Language code of text/sound track or separate title | eng |
| 082 ## - DEWEY DECIMAL CLASSIFICATION NUMBER | |
| Classification number | 670.423 |
| Item number | BLA/WO |
| 100 ## - MAIN ENTRY--AUTHOR NAME | |
| Personal name | Black, Bruce.J . |
| 245 ## - TITLE STATEMENT | |
| Title | Workshop processes, practices and materials / |
| 250 ## - EDITION STATEMENT | |
| Edition statement | 1 / |
| 260 ## - PUBLICATION, DISTRIBUTION, ETC. (IMPRINT) | |
| Place of publication | : |
| Name of publisher | English Language Book Society , |
| Year of publication | 1984. |
| 300 ## - PHYSICAL DESCRIPTION | |
| Number of Pages | 282 ; . |
| 942 ## - ADDED ENTRY ELEMENTS (KOHA) | |
| Koha item type | Books |
| Withdrawn status | Lost status | Damaged status | Home library | Current library | Date acquired | Full call number | Accession Number | Koha item type |
|---|---|---|---|---|---|---|---|---|
| Withdrawn | Damaged | KAUAET | KAUAET | 10/09/1986 | 670.423 | 15746 | Books | |
| KAUAET | KAUAET | 27/03/1987 | 670.423 | 16204 | Books |
